00286nam a2200097Ia 4500008004000000082001700040100002700057245005300084260003900137300001200176210210b1949 xxu||||| |||| 00| 0 eng d a330.156 KEYG aKEYNES (John Maynard). aGeneral theory of employment interest and money. aLondonbMacmillan & Co. Ltd.c1949 axii,403